Normal view
MARC view
Entry Nome pessoal
001 - NÚMERO DE CONTROLE
- campo de controle: 665
003 - IDENTIFICADOR DO NÚMERO DE CONTROLE
- campo de controle: Br
005 - DATA E HORÁRIO DA ÚLTIMA TRANSAÇÃO
- campo de controle: 20250327091930.0
008 - CAMPO DE DADOS FIXOS
- campo de controle de tamanho fixo: 991116|| acnnnaab| aaaa d
035 ## - NÚMERO DE CONTROLE DO SISTEMA
- Número de Controle do Sistema: 99111616215846E18
040 ## - FONTE DA CATALOGAÇÃO
- Instituição da catalogação original: Br
- Instituição que transcreveu o registro: Br
100 1# - CABEÇALHO--NOME PESSOAL
- Nome pessoal: Burroughs, Edgar Rice,
- Datas associadas ao nome: 1875-1950
400 1# - REMISSIVA VER--NOME PESSOAL
- Nome pessoal: Rice Burroughs, Edgar
- Datas associadas ao nome: 1875-1950
670 ## - FONTE POSITIVA DOS DADOS
- Citação da fonte positiva dos dados: Autor de: Tarzan, o rei do jangal...
670 ## - FONTE POSITIVA DOS DADOS
- Citação da fonte positiva dos dados: LC microf. 1977/81 jun.
- Dados encontrados na fonte localizada no subcampo: (AACR2, d.n.)
670 ## - FONTE POSITIVA DOS DADOS
- Citação da fonte positiva dos dados: LC 1942-62
- Dados encontrados na fonte localizada no subcampo: (n.c.; d.n.)
670 ## - FONTE POSITIVA DOS DADOS
- Citação da fonte positiva dos dados: Jornais de 20-3-50
- Dados encontrados na fonte localizada no subcampo: (d.m.)
675 ## - FONTE NEGATIVA DOS DADOS
- Citação da fonte positiva dos dados: Delta
- Citação da fonte positiva dos dados: Dic. lit. bras.
- Citação da fonte positiva dos dados: Q.Q. nas artes plásticas od Brasil
- Citação da fonte positiva dos dados: Acc. list. Brazil 1975/82 jan-abr.
- Citação da fonte positiva dos dados: Dic. bras. artes plásticas